| 000 | 01217cam a2200277 4500 | ||
|---|---|---|---|
| 002 | ##6241 | ||
| 008 | 020527n2002 000 0 eng u | ||
| 020 | _a1854190504 | ||
| 035 | _a(Sirsi) u118145 | ||
| 041 | 0 | _aeng | |
| 050 | 0 | 4 | _a347.4107 $2 18 |
| 110 | 2 |
_aRoyal Institution of Chartered Surveyors _bScotland _93082 |
|
| 245 | 0 | 0 |
_aSurveyors acting as adjudicators in the construction industry in Scotland _bguidance notes |
| 260 |
_aEdinburgh _bRICS Scotland _c2002 |
||
| 300 |
_a58p. _c30cm. |
||
| 350 | _a11.50 | ||
| 490 | 0 | _aRICS Scotland Guidance Note | |
| 520 | _aProvides advice on the scope, powers, duties and procedures of the adjudicator. Includes useful sources of information and SBCC adjudication provisions. | ||
| 520 | _aSuperseded by second edition (ISBN 9781842196922). | ||
| 650 | 2 | 4 | _aSBCC CONTRACTS |
| 651 | 4 |
_aScotland _y1999- |
|
| 690 | _aMANAGEMENT-DISPUTE AVOIDANCE, MANAGEMENT AND RESOLUTION-DISPUTE MANAGEMENT AND RESOLUTION-ALTERNATIVE DISPUTE RESOLUTION-ADJUDICATION | ||
| 710 | 2 |
_aRoyal Institution of Chartered Surveyors _bScotland Dispute Resolution Faculty _94248 |
|
| 856 | 4 | 1 | _auhttp://www.rics.org/site/download_feed.aspx?fileID=3647&fileExtension=PDF |
| 942 | _n0 | ||
| 999 |
_c102104 _d102104 |
||